Normal view
MARC view
Entry Topical Term
001 - CONTROL NUMBER
- control field: 752159
003 - CONTROL NUMBER IDENTIFIER
- control field: OSt
005 - DATE AND TIME OF LATEST TRANSACTION
- control field: 20250411124436.0
008 - FIXED-LENGTH DATA ELEMENTS
- fixed length control field: 250411|| aca||aabn | a|a d
040 ## - CATALOGING SOURCE
- Original cataloging agency: OSt
- Transcribing agency: OSt
150 ## - HEADING--TOPICAL TERM
- Topical term or geographic name entry element: Religion and law
670 ## - SOURCE DATA FOUND
- Source citation: Work cat.: (OSt)1308866: Acevedo, deepa das 752157, The battle for sabarimala: Religion, law, and gender in contemporary India, 2023
